000 00648nam a2200241Ia 4500
003 OSt
005 20221005035028.0
006 a|||||r|||| 00| 0
007 ta
008 221004b |||||||| |||| 00| 0 urd d
024 _a30400
037 _cTextual
040 _aCRL
_cCRL
_burd
041 _2urd
_aurd
082 _aO168,3N18x, N1
100 _aFiker Tonsavi Au.
_9587909
245 0 _aKafan se kurte tak
260 _aDelhi
_bHimanshu publications India
_c1991
300 _a192p.
_ccm.
650 _aURDU FICTION
_93298
942 _hO168,3N18x, N1
_cTEXL
_2cc
999 _c944500
_d944500